| 000 | 00736nam a2200217Ii 4500 | ||
|---|---|---|---|
| 003 | JO-AjNU | ||
| 008 | 230605s9999||||xx |||||||||||||| ||und|| | ||
| 017 | _a1989/7/408 | ||
| 040 |
_aJO-AjNU _bara _erda _cJO-AjNU |
||
| 041 | _aara | ||
| 050 | 1 | 4 | _aHF5547.A2876.1995 |
| 100 | 3 |
_aابو الرب،احمد محمود, _eauthor _910206 |
|
| 245 | 0 | 0 | _aالسكرتارية الحديثة وادارة المكاتب |
| 250 | _aط7 | ||
| 264 | 3 | 1 | _aعمان:المؤلف؛1995 |
| 300 |
_a428ص _bيحتوي على ببلوغرافية من ص416-428ص |
||
| 336 |
_atext _btxt _2rdacontent |
||
| 337 |
_aunmediated _bn _2rdamedia |
||
| 338 |
_avolume _bnc _2rdacarrier |
||
| 650 | 4 |
_aالسكرتارية-ادارة المكاتب _910207 |
|
| 999 |
_aA1689 _c5257 _d5257 |
||